80s Bands by Album/Song - Statistics

General Stats
  • This quiz has been taken 238 times
  • The average score is 12 of 17
Answer Stats
Hint Answer % Correct
Don't Stop Beliven' / Escape Journey
93%
Losing My Religion / Out of Time R.E.M.
86%
Sweet Dreams (are made of this) / Touch Eurythmics
82%
Can't Stop / Californication Red Hot Chili Peppers
82%
Everybody Wants to Rule the World / Songs from the Big Chair Tears for Fears
82%
Hungry Like the Wolf / Rio Duran Duran
79%
November Rain / Use Your Illusion Guns N' Roses
79%
Heart of Glass / Parallel Lines Blondie
74%
Walk Like an Egyptian / Different Light The Bangles
69%
Panama / 1984 Van Halen
69%
Sunday Bloody Sunday / The Unforgettable Fire U2
68%
Maneater / H2O Hall and Oates
65%
Rock the Casbah / Combat Rock The Clash
65%
Synchronicity II / Ghost in the Machine The Police
55%
Don't Stop Now / Jazz Queen
52%
Beth / Love Gun Kiss
51%
Blue Monday / Power, Corruption and Lies New Order
40%
No matching quizzes found
Score Distribution
Percent of People with Each Score
Percentile by Number Answered
Your Score History
You have not taken this quiz